<?xml version="1.0" encoding="UTF-8"?>
<marc:records xmlns:marc="http://www.loc.gov/MARC21/slim" xmlns:xsi="http://www.w3.org/2001/XMLSchema-instance" xsi:schemaLocation="http://www.loc.gov/MARC21/slim http://www.loc.gov/standards/marcxml/schema/MARC21slim.xsd">
  <marc:record>
    <marc:leader>03682ntm a2200469 a 4500</marc:leader>
    <marc:controlfield tag="001">9979495918103681</marc:controlfield>
    <marc:controlfield tag="005">20260129080112.0</marc:controlfield>
    <marc:controlfield tag="008">241204q18841886xv            000 0 yid d</marc:controlfield>
    <marc:datafield ind1=" " ind2=" " tag="035">
  <marc:subfield code="a">(OCoLC)1474995901</marc:subfield>
</marc:datafield>
    <marc:datafield ind1=" " ind2=" " tag="040">
  <marc:subfield code="a">PAU</marc:subfield>
  <marc:subfield code="b">eng</marc:subfield>
  <marc:subfield code="e">dcrmmss</marc:subfield>
  <marc:subfield code="c">PAU</marc:subfield>
</marc:datafield>
    <marc:datafield ind1="0" ind2=" " tag="041">
  <marc:subfield code="a">yid</marc:subfield>
  <marc:subfield code="a">heb</marc:subfield>
  <marc:subfield code="a">hun</marc:subfield>
</marc:datafield>
    <marc:datafield ind1=" " ind2=" " tag="049">
  <marc:subfield code="a">PAUU</marc:subfield>
</marc:datafield>
    <marc:datafield ind1=" " ind2="9" tag="099">
  <marc:subfield code="a">CAJS Rar Ms 751</marc:subfield>
</marc:datafield>
    <marc:datafield ind1="1" ind2=" " tag="100">
  <marc:subfield code="6">880-01</marc:subfield>
  <marc:subfield code="a">Richter, Zsigmond,</marc:subfield>
  <marc:subfield code="d">1860-1910,</marc:subfield>
  <marc:subfield code="e">author,</marc:subfield>
  <marc:subfield code="e">scribe.</marc:subfield>
</marc:datafield>
    <marc:datafield ind1="1" ind2=" " tag="880">
  <marc:subfield code="6">100-01/r</marc:subfield>
  <marc:subfield code="a">ריכטער, זרח.</marc:subfield>
</marc:datafield>
    <marc:datafield ind1="1" ind2="0" tag="245">
  <marc:subfield code="6">880-02</marc:subfield>
  <marc:subfield code="a">Collection of sermons :</marc:subfield>
  <marc:subfield code="k">manuscript.</marc:subfield>
</marc:datafield>
    <marc:datafield ind1="1" ind2="0" tag="880">
  <marc:subfield code="6">245-02/r</marc:subfield>
  <marc:subfield code="a">קובץ דרשות.</marc:subfield>
</marc:datafield>
    <marc:datafield ind1="1" ind2=" " tag="246">
  <marc:subfield code="6">880-03</marc:subfield>
  <marc:subfield code="i">text begins :</marc:subfield>
  <marc:subfield code="a">Be-ʻez.H.yit. Sḳalits y.ʻa.E. derush Yo.ṭ. baʼati le-ḳehilat ... be-ḳ.ḳ. Gins Shabat Ki tavo...</marc:subfield>
</marc:datafield>
    <marc:datafield ind1="1" ind2=" " tag="880">
  <marc:subfield code="6">246-03/r</marc:subfield>
  <marc:subfield code="i">text begins :</marc:subfield>
  <marc:subfield code="a">בעזהי"ת סקאליץ יע"א דרוש יו"ט באתי לקהילת ... בק"ק גינס שבת כי תבא...</marc:subfield>
</marc:datafield>
    <marc:datafield ind1=" " ind2="0" tag="264">
  <marc:subfield code="a">Skalica, Slovakia,</marc:subfield>
  <marc:subfield code="c">1882-1884.</marc:subfield>
</marc:datafield>
    <marc:datafield ind1=" " ind2=" " tag="300">
  <marc:subfield code="a">17 leaves :</marc:subfield>
  <marc:subfield code="b">paper ;</marc:subfield>
  <marc:subfield code="c">21 x 17 cm</marc:subfield>
</marc:datafield>
    <marc:datafield ind1=" " ind2=" " tag="336">
  <marc:subfield code="a">text</marc:subfield>
  <marc:subfield code="b">txt</marc:subfield>
  <marc:subfield code="2">rdacontent</marc:subfield>
</marc:datafield>
    <marc:datafield ind1=" " ind2=" " tag="337">
  <marc:subfield code="a">unmediated</marc:subfield>
  <marc:subfield code="b">n</marc:subfield>
  <marc:subfield code="2">rdamedia</marc:subfield>
</marc:datafield>
    <marc:datafield ind1=" " ind2=" " tag="338">
  <marc:subfield code="a">volume</marc:subfield>
  <marc:subfield code="b">nc</marc:subfield>
  <marc:subfield code="2">rdacarrier</marc:subfield>
</marc:datafield>
    <marc:datafield ind1="0" ind2=" " tag="505">
  <marc:subfield code="a">1. f.1r: [Sermon for the upcoming holidays, preached to the community of Güns [Kőszeg, Hungary], Shabat Ki tavo] -- 2. f. 5r: Ima a szónoklat után Jóságos Istenem, Kegyelmes mindenható... -- 3. f. 7r: [Sermon for Shabbat Ba-midbar, [5]646] -- 4. f. 11r: [Sermon for Shabat Naḥamu, [5]644] -- 5. f. 13v: [Sermon for Shabat Be-haʻalotkha] -- 6. f. 15v: [Sermon preached about Sabbath day observance] -- 7. f. 16v: [Miscellanea].</marc:subfield>
</marc:datafield>
    <marc:datafield ind1="1" ind2=" " tag="561">
  <marc:subfield code="a">Sold by Yalta Auction House (Brooklyn, N.Y.), August 2024.</marc:subfield>
</marc:datafield>
    <marc:datafield ind1=" " ind2=" " tag="524">
  <marc:subfield code="a">Collection of Sermons (UPenn CAJS Rar Ms 751). Library at the Herbert D. Katz Center for Advanced Judaic Studies, University of Pennsylvania.</marc:subfield>
</marc:datafield>
    <marc:datafield ind1="0" ind2=" " tag="545">
  <marc:subfield code="a">Rabbi in Moravian Skalitz, today Skalica, Slovakia; Zsigmond (Sigmund in this manuscript; spelling from his epitaph at the Neolog Jewish cemetery in Nové Zámky, Slovakia; his Hebrew name was Zorah); rabbi in Nové Zámky until his death.</marc:subfield>
</marc:datafield>
    <marc:datafield ind1=" " ind2=" " tag="520">
  <marc:subfield code="a">Sermon compilaton by Zsigmond Richter composed for a period during his rabbinate in Skalica, Slovakia, including one sermon preached in Güns [Kőszeg, Hungary today]; the surviving manuscript is likely only a part of the original sermon book.</marc:subfield>
</marc:datafield>
    <marc:datafield ind1=" " ind2=" " tag="546">
  <marc:subfield code="a">Yiddish; quotes in Hebrew; one sermon in Hungarian (f. 5r).</marc:subfield>
</marc:datafield>
    <marc:datafield ind1=" " ind2=" " tag="500">
  <marc:subfield code="a">Title supplied by cataloger.</marc:subfield>
</marc:datafield>
    <marc:datafield ind1=" " ind2="7" tag="655">
  <marc:subfield code="a">codices (bound manuscripts)</marc:subfield>
  <marc:subfield code="2">aat</marc:subfield>
  <marc:subfield code="0">http://vocab.getty.edu/aat/300224200</marc:subfield>
</marc:datafield>
    <marc:datafield ind1=" " ind2="7" tag="655">
  <marc:subfield code="a">Sermons.</marc:subfield>
  <marc:subfield code="2">lcgft</marc:subfield>
</marc:datafield>
    <marc:datafield ind1=" " ind2="0" tag="650">
  <marc:subfield code="a">Jewish sermons, Yiddish</marc:subfield>
  <marc:subfield code="z">Slovakia</marc:subfield>
  <marc:subfield code="z">Skalica.</marc:subfield>
</marc:datafield>
    <marc:datafield ind1=" " ind2="0" tag="650">
  <marc:subfield code="a">Jewish sermons, Yiddish</marc:subfield>
  <marc:subfield code="z">Hungary</marc:subfield>
  <marc:subfield code="z">Kőszeg.</marc:subfield>
</marc:datafield>
    <marc:datafield ind1=" " ind2="0" tag="650">
  <marc:subfield code="a">Jewish sermons, Hungarian</marc:subfield>
  <marc:subfield code="z">Slovakia</marc:subfield>
  <marc:subfield code="z">Skalica.</marc:subfield>
</marc:datafield>
    <marc:datafield ind1=" " ind2="4" tag="655">
  <marc:subfield code="a">Manuscripts, Yiddish</marc:subfield>
  <marc:subfield code="y">19th century.</marc:subfield>
</marc:datafield>
    <marc:datafield ind1=" " ind2="4" tag="650">
  <marc:subfield code="a">Manuscripts, Hebrew</marc:subfield>
  <marc:subfield code="y">19th century.</marc:subfield>
</marc:datafield>
    <marc:datafield ind1=" " ind2="0" tag="650">
  <marc:subfield code="a">Manuscripts, Hungarian</marc:subfield>
  <marc:subfield code="y">19th century.</marc:subfield>
</marc:datafield>
    <marc:datafield ind1=" " ind2="0" tag="655">
  <marc:subfield code="a">Manuscripts, European.</marc:subfield>
</marc:datafield>
    <marc:datafield ind1=" " ind2=" " tag="852">
  <marc:subfield code="b">Library at the Herbert D. Katz Center for Advanced Judaic Studies</marc:subfield>
  <marc:subfield code="a">University of Pennsylvania</marc:subfield>
  <marc:subfield code="e">420 Walnut Street, Philadelphia, Pennsylvania 19106-3703.</marc:subfield>
  <marc:subfield code="j">CAJS Rar Ms 751</marc:subfield>
</marc:datafield>
    <marc:datafield ind1="4" ind2="1" tag="856">
  <marc:subfield code="z">Digital facsimile for browsing (Colenda)</marc:subfield>
  <marc:subfield code="u">https://colenda.library.upenn.edu/catalog/81431-p3bn9z52v</marc:subfield>
</marc:datafield>
    <marc:datafield ind1=" " ind2=" " tag="AVA">
  <marc:subfield code="0">9979495918103681</marc:subfield>
  <marc:subfield code="8">22838171630003681</marc:subfield>
  <marc:subfield code="a">01UPENN_INST</marc:subfield>
  <marc:subfield code="b">KislakCntr</marc:subfield>
  <marc:subfield code="c">Manuscripts</marc:subfield>
  <marc:subfield code="d">CAJS Rar Ms 751</marc:subfield>
  <marc:subfield code="e">available</marc:subfield>
  <marc:subfield code="f">1</marc:subfield>
  <marc:subfield code="g">0</marc:subfield>
  <marc:subfield code="j">scmss</marc:subfield>
  <marc:subfield code="k">8</marc:subfield>
  <marc:subfield code="p">1</marc:subfield>
  <marc:subfield code="q">Kislak Center for Special Collections, Rare Books and Manuscripts</marc:subfield>
</marc:datafield>
    <marc:holdings>
  <marc:holding>
    <marc:holding_id>22838171630003681</marc:holding_id>
    <marc:call_number>CAJS Rar Ms 751</marc:call_number>
    <marc:library>KislakCntr</marc:library>
    <marc:location>scmss</marc:location>
  </marc:holding>
</marc:holdings>
  </marc:record>
</marc:records>
